[Event "IECC CL3-2012.03 email"]
[Site "IECC email"]
[Date "2012.04.14"]
[Round "?"]
[White "Subasic, Emil"]
[Black "Hassan, William"]
[Result "1-0"]
[WhiteElo "1865"]
[BlackElo "1818"]
[PlyCount "113"]
[EventDate "2012.??.??"]
[EventType "tourn (corr)"]
[EventRounds "4"]
[SourceTitle "Telechess CBM 165"]
[Source "ChessBase"]
[SourceDate "2015.03.11"]
[SourceVersion "1"]
[SourceVersionDate "2015.03.11"]
[SourceQuality "1"]
[WhiteTeam "Bosnia Herzegovina"]
[WhiteTeamCountry "BIH"]

1. e4 c5 2. Nf3 d6 3. d4 cxd4 4. Nxd4 Nf6 5. Nc3 a6 6. Bc4 e6 7. 0-0 Be7 8. Be3 0-0 9. f4 b5 10. Bb3 b4 11. Na4 Bb7 12. Nxe6 fxe6 13. Bxe6+ Kh8 14. e5 Nfd7 15. exd6 Bf6 16. a3 a5 17. Qd2 Be4 18. c4 Bc6 19. Nc5 Nxc5 20. Bxc5 bxa3 21. Bxa3 Nd7 22. c5 Qb8 23. Rfe1 Qb5 24. Rac1 a4 25. Re3 Rae8 26. Bc4 Qb7 27. Rce1 Rxe3 28. Rxe3 Qb8 29. h3 Qa8 30. Kh2 Rb8 31. Re2 Nf8 32. g4 Bf3 33. Re3 h6 34. Qd3 Bc6 35. Re2 Bh4 36. b4 axb3 37. Bb2 Bf6 38. Bxf6 gxf6 39. Qc3 Qa7 40. Bxb3 Nd7 41. Rc2 Rb5 42. Qe3 Rb8 43. Bc4 Qa1 44. Kg3 Nf8 45. Kh4 Qh1 46. f5 Nh7 47. Rc3 Qh2 48. Rd3 Ng5 49. Bd5 Bxd5 50. Rxd5 Kg7 51. Rd3 Rd8 52. Ra3 h5 53. Qe7+ Nf7 54. Rg3 Qb2 55. gxh5+ Kh8 56. h6 Qe5 57. Qxe5 1-0

[Event "IECC CL3-2011.01 email"]
[Site "IECC email"]
[Date "2011.03.20"]
[Round "?"]
[White "Kasznia, Ireneusz"]
[Black "Subasic, Emil"]
[Result "1-0"]
[WhiteElo "1941"]
[BlackElo "1886"]
[PlyCount "91"]
[EventDate "2011.??.??"]
[EventType "tourn (corr)"]
[EventRounds "4"]
[SourceTitle "Telechess CBM 145"]
[Source "Chessbase"]
[SourceDate "2011.11.11"]
[SourceVersion "1"]
[SourceVersionDate "2011.11.11"]
[SourceQuality "1"]
[WhiteTeam "Poland"]
[BlackTeam "Bosnia Herzegovina"]
[WhiteTeamCountry "POL"]
[BlackTeamCountry "BIH"]

1. d4 c5 2. d5 Nf6 3. Nc3 d6 4. e4 g6 5. Nf3 Bg7 6. Bb5+ Nbd7 7. Be2 0-0 8. 0-0 Ne8 9. a4 Ne5 10. Nxe5 Bxe5 11. Bh6 Bg7 12. Bxg7 Kxg7 13. a5 Bd7 14. f4 b6 15. b3 Nc7 16. Qd2 b5 17. Bd3 b4 18. Ne2 Rb8 19. f5 Ne8 20. Rf4 Nf6 21. Rh4 Ng8 22. g3 f6 23. fxg6 hxg6 24. Nf4 c4 25. bxc4 g5 26. Rh5 gxf4 27. e5 Nh6 28. Qxf4 Rh8 29. Rg5+ Kf8 30. exf6 Nf7 31. fxe7+ Qxe7 32. Rf1 b3 33. Bg6 Ke8 34. Bxf7+ Kd8 35. c5 Rf8 36. cxb3 Rxb3 37. cxd6 Qe3+ 38. Qxe3 Rxe3 39. Rg7 Bh3 40. Rb1 Rf3 41. Rb8+ Kd7 42. Be6+ Kxd6 43. Rxf8 Rxf8 44. Rd7+ Kc5 45. Bxh3 a6 46. Bg2 1-0

[Event "IECC CL3-2011.01 email"]
[Site "IECC email"]
[Date "2011.03.20"]
[Round "?"]
[White "Subasic, Emil"]
[Black "Bascetta, Biagio J"]
[Result "1/2-1/2"]
[WhiteElo "1870"]
[BlackElo "1832"]
[PlyCount "75"]
[EventDate "2011.??.??"]
[EventType "tourn (corr)"]
[EventRounds "4"]
[SourceTitle "Telechess CBM 145"]
[Source "Chessbase"]
[SourceDate "2011.11.11"]
[SourceVersion "1"]
[SourceVersionDate "2011.11.11"]
[SourceQuality "1"]
[WhiteTeam "Bosnia Herzegovina"]
[BlackTeam "Italy"]
[WhiteTeamCountry "BIH"]
[BlackTeamCountry "ITA"]

1. e4 e6 2. Nf3 d5 3. Nc3 Nf6 4. e5 Nfd7 5. d4 c5 6. Bb5 Nc6 7. 0-0 Be7 8. dxc5 Qc7 9. Re1 0-0 10. a3 Nxc5 11. h3 Nd7 12. Bf4 a6 13. Bf1 b5 14. Qd2 Nb6 15. Bg5 Nxe5 16. Nxe5 Bxg5 17. Qxg5 f6 18. Qg3 fxe5 19. Qxe5 Qxe5 20. Rxe5 Bd7 21. Bd3 Nc4 22. Bxc4 bxc4 23. Ne2 Rab8 24. Rb1 Rb6 25. Nd4 Rf4 26. c3 Kf7 27. g3 Re4 28. Rxe4 dxe4 29. Nc2 e5 30. Ne3 Be6 31. g4 Kf6 32. Kg2 h6 33. h4 a5 34. Kf1 a4 35. Ke2 Rb5 36. f3 exf3+ 37. Kxf3 g5 38. h5 1/2-1/2

[Event "IECC KO-2101"]
[Site "IECC email"]
[Date "2011.02.01"]
[Round "?"]
[White "Geib, Steven"]
[Black "Subasic, Emil"]
[Result "0-1"]
[WhiteElo "1492"]
[BlackElo "1873"]
[PlyCount "52"]
[EventDate "2008.??.??"]
[EventType "match (corr)"]
[EventRounds "2"]
[SourceTitle "Telechess CBM 145"]
[Source "Chessbase"]
[SourceDate "2011.11.11"]
[SourceVersion "1"]
[SourceVersionDate "2011.11.11"]
[SourceQuality "1"]
[WhiteTeam "US of America"]
[BlackTeam "Bosnia Herzegovina"]
[WhiteTeamCountry "USA"]
[BlackTeamCountry "BIH"]

1. e4 c5 2. Nf3 e6 3. d4 cxd4 4. Nxd4 Nc6 5. Nxc6 bxc6 6. Nc3 Nf6 7. Bc4 d5 8. exd5 exd5 9. Bd3 Bd6 10. 0-0 0-0 11. Re1 Ng4 12. h3 Qh4 13. Re2 Bd7 14. Qe1 Rfe8 15. Bd2 Rab8 16. a4 Rxe2 17. Bxe2 Re8 18. a5 d4 19. Na4 c5 20. a6 Bc6 21. Ba5 Re3 22. fxe3 Bh2+ 23. Kh1 Qxh3 24. e4 Bxe4 25. Bf3 Qxf3 26. Qxe4 Qxe4 0-1

[Event "IECC KO-2101"]
[Site "IECC email"]
[Date "2011.02.01"]
[Round "?"]
[White "Subasic, Emil"]
[Black "Geib, Steven"]
[Result "1-0"]
[WhiteElo "1877"]
[BlackElo "1479"]
[PlyCount "89"]
[EventDate "2008.??.??"]
[EventType "match (corr)"]
[EventRounds "2"]
[SourceTitle "Telechess CBM 149"]
[Source "ChessBase"]
[SourceDate "2012.07.17"]
[SourceVersion "1"]
[SourceVersionDate "2012.07.17"]
[SourceQuality "1"]
[WhiteTeam "Bosnia Herzegovina"]
[BlackTeam "US of America"]
[WhiteTeamCountry "BIH"]
[BlackTeamCountry "USA"]

1. e4 e5 2. f4 exf4 3. Bc4 Nf6 4. Nc3 Nc6 5. Nf3 Bb4 6. 0-0 0-0 7. e5 Ng4 8. d4 d6 9. h3 Ne3 10. Bxe3 fxe3 11. Nd5 Be6 12. Nxe3 dxe5 13. d5 Bc5 14. Kh1 Bxe3 15. dxe6 fxe6 16. Qe1 Bd4 17. Bxe6+ Kh8 18. c3 Bc5 19. b4 Bd6 20. Bd5 Rf5 21. Qe2 Qe7 22. a4 Raf8 23. Rfe1 Re8 24. a5 Nd8 25. Rad1 a6 26. Be4 Rf4 27. Qd3 g6 28. Rd2 Ref8 29. Kg1 Qf7 30. Red1 Qe6 31. g3 R4f6 32. Ng5 Qd7 33. Bg2 b5 34. axb6 Qc8 35. Ne4 Re6 36. Qc4 Nb7 37. Nxd6 Nxd6 38. Qxc7 Nb5 39. Qxc8 Rxc8 40. b7 Rb8 41. Rd8+ Re8 42. Rxe8+ Rxe8 43. c4 Nc3 44. Ra1 Rb8 45. Rxa6 1-0

[Event "IECC CL3-2010.09 email"]
[Site "IECC email"]
[Date "2011.01.30"]
[Round "?"]
[White "Kawagoe, Toshiji"]
[Black "Subasic, Emil"]
[Result "1-0"]
[WhiteElo "1842"]
[BlackElo "1864"]
[PlyCount "51"]
[EventDate "2010.??.??"]
[EventType "tourn (corr)"]
[EventRounds "4"]
[SourceTitle "Telechess CBM 145"]
[Source "Chessbase"]
[SourceDate "2011.11.11"]
[SourceVersion "1"]
[SourceVersionDate "2011.11.11"]
[SourceQuality "1"]
[WhiteTeam "Japan"]
[BlackTeam "Bosnia Herzegovina"]
[WhiteTeamCountry "JPN"]
[BlackTeamCountry "BIH"]

1. e4 c5 2. d4 cxd4 3. c3 Nf6 4. e5 Nd5 5. Nf3 Nc6 6. Bc4 Nb6 7. Bb3 d5 8. exd6 Qxd6 9. 0-0 Be6 10. Na3 dxc3 11. Qe2 Bxb3 12. Nb5 Qb8 13. axb3 g6 14. Be3 Nd5 15. Bxa7 cxb2 16. Qxb2 Nxa7 17. Nxa7 Rg8 18. Nb5 Rxa1 19. Rxa1 Bg7 20. Nbd4 e6 21. Qa3 Kd7 22. Qa4+ Ke7 23. Qa3+ Qd6 24. Qa7 Rb8 25. Rc1 Qd8 26. Nc6+ 1-0

[Event "IECC CL3-2010.09 email"]
[Site "IECC email"]
[Date "2011.01.30"]
[Round "?"]
[White "Subasic, Emil"]
[Black "Van der Mark, Niels"]
[Result "1-0"]
[WhiteElo "1850"]
[BlackElo "1945"]
[PlyCount "43"]
[EventDate "2010.??.??"]
[EventType "tourn (corr)"]
[EventRounds "4"]
[SourceTitle "Telechess CBM 145"]
[Source "Chessbase"]
[SourceDate "2011.11.11"]
[SourceVersion "1"]
[SourceVersionDate "2011.11.11"]
[SourceQuality "1"]
[WhiteTeam "Bosnia Herzegovina"]
[BlackTeam "Netherlands"]
[WhiteTeamCountry "BIH"]
[BlackTeamCountry "NED"]

1. e4 e5 2. Nf3 Nf6 3. d4 Nxe4 4. Bd3 Nc6 5. Nxe5 Nc5 6. dxc5 Nxe5 7. Qe2 Qe7 8. 0-0 Nxd3 9. Qxd3 d5 10. Nc3 c6 11. Be3 Bd7 12. Rfe1 0-0-0 13. b4 Qh4 14. Bd4 Qf4 15. Ne2 Qf5 16. Qd2 h5 17. h3 h4 18. Nf4 f6 19. Nd3 Re8 20. Rxe8+ Bxe8 21. Re1 Bd7 22. b5 1-0

[Event "IECC KO-2100"]
[Site "IECC email"]
[Date "2011.01.22"]
[Round "?"]
[White "Subasic, Emil"]
[Black "Ghikas, Athanassios"]
[Result "1-0"]
[WhiteElo "1863"]
[BlackElo "1222"]
[PlyCount "59"]
[EventDate "2008.??.??"]
[EventType "match (corr)"]
[EventRounds "2"]
[SourceTitle "Telechess CBM 145"]
[Source "Chessbase"]
[SourceDate "2011.11.11"]
[SourceVersion "1"]
[SourceVersionDate "2011.11.11"]
[SourceQuality "1"]
[WhiteTeam "Bosnia Herzegovina"]
[BlackTeam "Greece"]
[WhiteTeamCountry "BIH"]
[BlackTeamCountry "GRE"]

1. e4 c5 2. Nf3 Nc6 3. Bb5 a6 4. Bxc6 dxc6 5. d3 Qc7 6. h3 Bd7 7. Be3 e5 8. Qd2 0-0-0 9. Qc3 f6 10. Bxc5 Nh6 11. b4 b6 12. Be3 Nf7 13. Qc4 Nd6 14. Qxa6+ Qb7 15. Qxb6 Be6 16. a4 Kd7 17. Qxb7+ Nxb7 18. c3 Ra8 19. Nbd2 Bd6 20. a5 Ra6 21. Bb6 Rc8 22. 0-0 f5 23. exf5 Bxf5 24. Nc4 Ke6 25. Ncxe5 Bxe5 26. Rfe1 Bxd3 27. Rxe5+ Kf6 28. Rae1 Bc4 29. Bd4 Kf7 30. Rf5+ 1-0

[Event "IECC Swiss-537.3"]
[Site "IECC email"]
[Date "2009.10.26"]
[Round "?"]
[White "Subasic, Emil"]
[Black "Simmelink, Joop Theo"]
[Result "0-1"]
[WhiteElo "1703"]
[BlackElo "2219"]
[PlyCount "74"]
[EventDate "2009.??.??"]
[EventType "tourn (corr)"]
[EventRounds "1"]
[SourceTitle "Telechess CBM 137"]
[Source "ChessBase"]
[SourceDate "2010.07.15"]
[SourceVersion "1"]
[SourceVersionDate "2010.07.15"]
[SourceQuality "1"]
[WhiteTeam "Bosnia Herzegovina"]
[BlackTeam "Netherlands"]
[WhiteTeamCountry "BIH"]
[BlackTeamCountry "NED"]

1. e4 e5 2. Nf3 Nc6 3. Bb5 a6 4. Bxc6 dxc6 5. 0-0 Qf6 6. d4 exd4 7. Bg5 Qd6 8. e5 Qg6 9. Qxd4 Be7 10. Bxe7 Nxe7 11. Nc3 0-0 12. Qb4 Re8 13. Rad1 Bg4 14. Rd3 b6 15. Nh4 Qh5 16. Rg3 Be6 17. Re1 c5 18. Qf4 Rad8 19. Rg5 Qh6 20. g3 Rd4 21. Qe3 Bc8 22. b3 Bb7 23. f3 Red8 24. Rf1 Qe6 25. Ne4 Bxe4 26. fxe4 h6 27. Rh5 Rd2 28. Rf2 Rxf2 29. Kxf2 Qg4 30. Qe2 Qxe2+ 31. Kxe2 g6 32. Rxh6 Kg7 33. Nxg6 fxg6 34. Rh4 Nc6 35. Rf4 Nd4+ 36. Kf2 Nxc2 37. e6 Rf8 0-1

[Event "IECC KO-5073"]
[Site "IECC email"]
[Date "2009.10.03"]
[Round "?"]
[White "Richard, Andy"]
[Black "Subasic, Emil"]
[Result "1/2-1/2"]
[WhiteElo "1321"]
[BlackElo "1701"]
[PlyCount "110"]
[EventDate "2009.??.??"]
[EventType "match (corr)"]
[EventRounds "2"]
[SourceTitle "Telechess CBM 137"]
[Source "ChessBase"]
[SourceDate "2010.07.15"]
[SourceVersion "1"]
[SourceVersionDate "2010.07.15"]
[SourceQuality "1"]
[WhiteTeam "Canada"]
[BlackTeam "Bosnia Herzegovina"]
[WhiteTeamCountry "CAN"]
[BlackTeamCountry "BIH"]

1. d4 c5 2. d5 Nf6 3. Bg5 Qb6 4. Nc3 Qxb2 5. Bd2 Qb4 6. Rb1 Qg4 7. f3 Qh4+ 8. g3 Qh5 9. e4 e6 10. Nh3 Na6 11. Nf4 Qe5 12. Nd3 Qb8 13. dxe6 fxe6 14. Be2 Be7 15. Bf4 d6 16. e5 Nd5 17. Nxd5 exd5 18. Nc1 dxe5 19. Qxd5 Qd6 20. Qxe5 Qxe5 21. Bxe5 0-0 22. Bc4+ Kh8 23. Kf2 Nb4 24. c3 Bf5 25. Rb2 Nc6 26. Re1 Nxe5 27. Rxe5 Bd6 28. Re3 b6 29. Rbe2 g5 30. Nd3 Kg7 31. Ne5 Rae8 32. h4 gxh4 33. gxh4 Re7 34. Nc6 Rc7 35. Ne7 Bg4 36. Bd5 Kh6 37. Kg2 Bd7 38. Re4 Kh5 39. Re1 a5 40. Kf2 Bh3 41. c4 Ra7 42. R1e2 Rf6 43. Re1 h6 44. Rh1 Rxe7 45. Rxe7 Bxe7 46. Rxh3 Rf4 47. Ke3 Bd6 48. Bc6 Kg6 49. h5+ Kg5 50. Be4 a4 51. Kd3 Be5 52. Rh1 Bd4 53. Rh2 Rf8 54. Bd5 Rd8 55. Kc2 Rd6 1/2-1/2

[Event "IECC CL5-2009.19 email"]
[Site "IECC email"]
[Date "2009.09.20"]
[Round "?"]
[White "Subasic, Emil"]
[Black "Romero, Jose Antunez"]
[Result "1-0"]
[WhiteElo "1679"]
[BlackElo "1409"]
[PlyCount "45"]
[EventDate "2009.??.??"]
[EventType "tourn (corr)"]
[EventRounds "4"]
[SourceTitle "Telechess CBM 137"]
[Source "ChessBase"]
[SourceDate "2010.07.15"]
[SourceVersion "1"]
[SourceVersionDate "2010.07.15"]
[SourceQuality "1"]
[WhiteTeam "Bosnia Herzegovina"]
[BlackTeam "Spain"]
[WhiteTeamCountry "BIH"]
[BlackTeamCountry "ESP"]

1. e4 e5 2. f4 d5 3. exd5 Qxd5 4. Nc3 Qe6 5. fxe5 Qxe5+ 6. Be2 Qg5 7. Nf3 Qxg2 8. Rg1 Qh3 9. Rg3 Qh6 10. d4 Qf6 11. Ne5 Be6 12. Bg5 Qf5 13. Bd3 Qxg5 14. Rxg5 f6 15. d5 Bxd5 16. Nxd5 Bd6 17. Qh5+ g6 18. Bxg6+ Kf8 19. Be8 Nh6 20. Bd7 Bb4+ 21. Ke2 fxg5 22. Rf1+ Nf5 23. Qf7# 1-0

[Event "IECC CL5-2009.14 email"]
[Site "IECC email"]
[Date "2009.07.23"]
[Round "?"]
[White "Filgueira, Horacio"]
[Black "Subasic, Emil"]
[Result "0-1"]
[WhiteElo "1430"]
[BlackElo "1495"]
[PlyCount "32"]
[EventDate "2009.??.??"]
[EventType "tourn (corr)"]
[EventRounds "4"]
[SourceTitle "Corr 2011"]
[Source "ChessBase"]
[SourceDate "2010.08.31"]
[SourceVersion "1"]
[SourceVersionDate "2010.08.31"]
[SourceQuality "1"]
[WhiteTeam "Argentina"]
[BlackTeam "Bosnia Herzegovina"]
[WhiteTeamCountry "ARG"]
[BlackTeamCountry "BIH"]

1. e4 e5 2. Nf3 Nf6 3. Nxe5 d6 4. Nf3 Nxe4 5. d4 d5 6. Bd3 Nc6 7. 0-0 Be7 8. Re1 Bg4 9. Bxe4 dxe4 10. Rxe4 Bxf3 11. gxf3 f5 12. Re3 Qxd4 13. Rd3 Qh4 14. Qe2 0-0 15. Qe6+ Kh8 16. Nc3 Rf6 0-1

[Event "IECC KO-2104"]
[Site "IECC email"]
[Date "2009.04.28"]
[Round "?"]
[White "Subasic, Emil"]
[Black "Boothman, William"]
[Result "1-0"]
[WhiteElo "1373"]
[BlackElo "1569"]
[PlyCount "61"]
[EventDate "2009.??.??"]
[EventType "match (corr)"]
[EventRounds "2"]
[SourceTitle "Corr 2011"]
[Source "ChessBase"]
[SourceDate "2010.08.31"]
[SourceVersion "1"]
[SourceVersionDate "2010.08.31"]
[SourceQuality "1"]
[WhiteTeam "Bosnia Herzegovina"]
[BlackTeam "England"]
[WhiteTeamCountry "BIH"]
[BlackTeamCountry "ENG"]

1. e4 e5 2. Nf3 Nc6 3. Bb5 a6 4. Bxc6 dxc6 5. 0-0 f6 6. d4 Bg4 7. c3 Bd6 8. Be3 Ne7 9. Nbd2 0-0 10. Qb3+ Kh8 11. dxe5 fxe5 12. Qxb7 Be6 13. Rfd1 Qe8 14. b4 Qg6 15. Ba7 Bg4 16. Kh1 Bxf3 17. gxf3 Qh6 18. a4 Ng6 19. Be3 Qh5 20. Qxc6 Nh4 21. Qd7 Nxf3 22. h3 Nxd2 23. Rxd2 Qf3+ 24. Kh2 Qxe4 25. Rg1 g6 26. Rg4 Qf5 27. Qc6 e4+ 28. Rxd6 cxd6 29. Rf4 Qe6 30. Bd4+ Kg8 31. Qb7 1-0

[Event "IECC O-2826"]
[Site "IECC email"]
[Date "2008.08.27"]
[Round "?"]
[White "Subasic, Emil"]
[Black "Baez, Isaias"]
[Result "1-0"]
[WhiteElo "1519"]
[BlackElo "1400"]
[PlyCount "75"]
[EventDate "2008.??.??"]
[EventType "swiss (corr)"]
[EventRounds "2"]
[SourceTitle "Corr 2013"]
[Source "ChessBase"]
[SourceDate "2012.11.12"]
[SourceVersion "1"]
[SourceVersionDate "2012.11.12"]
[SourceQuality "1"]
[WhiteTeam "Australia"]
[BlackTeam "Canada"]
[WhiteTeamCountry "AUS"]
[BlackTeamCountry "CAN"]

1. e4 d5 2. exd5 Qxd5 3. Nc3 Qa5 4. Nf3 Nc6 5. Bb5 Bd7 6. d4 e6 7. 0-0 0-0-0 8. a3 a6 9. Bxc6 Bxc6 10. Ne5 Be8 11. b4 Qb6 12. Be3 Ne7 13. d5 Qd6 14. Nc4 Qd7 15. d6 Nf5 16. Qf3 Nxd6 17. Na5 Kb8 18. b5 axb5 19. a4 c6 20. axb5 cxb5 21. Ba7+ Kxa7 22. Nxb7+ Kb6 23. Nxd8 Qxd8 24. Qe3+ Kc6 25. Ra6+ Kd7 26. Ra7+ Qc7 27. Rfa1 Nb7 28. Rd1+ Kc8 29. Ra8+ Qb8 30. Qa7 Bd6 31. Rxd6 Qxa8 32. Qxa8+ Kc7 33. Rd4 Nd6 34. Qa5+ Kb7 35. Rxd6 Bc6 36. Nxb5 Ra8 37. Qc7+ Ka6 38. c4 1-0

[Event "IECC TH-M-2828"]
[Site "IECC email"]
[Date "2008.08.14"]
[Round "?"]
[White "Subasic, Emil"]
[Black "Waerstad, Leif Edvin"]
[Result "1-0"]
[WhiteElo "1532"]
[BlackElo "1567"]
[PlyCount "79"]
[EventDate "2008.??.??"]
[EventType "match (corr)"]
[SourceTitle "Corr 2013"]
[Source "ChessBase"]
[SourceDate "2012.11.12"]
[SourceVersion "1"]
[SourceVersionDate "2012.11.12"]
[SourceQuality "1"]
[WhiteTeam "US of America"]
[BlackTeam "Italy"]
[WhiteTeamCountry "USA"]
[BlackTeamCountry "ITA"]

1. e4 c6 2. d4 d5 3. Nc3 dxe4 4. Nxe4 Nf6 5. Nxf6+ gxf6 6. Nf3 Bg4 7. Be2 Qc7 8. 0-0 Nd7 9. a4 e6 10. a5 h5 11. a6 b6 12. h3 Bf5 13. Bd3 Bxd3 14. Qxd3 0-0-0 15. Re1 Kb8 16. Bd2 Bh6 17. Bxh6 Rxh6 18. b4 Rg6 19. Rxe6 Rxg2+ 20. Kxg2 fxe6 21. Qe4 e5 22. Ra3 Qd6 23. dxe5 fxe5 24. Rd3 Qf6 25. Qh7 Kc8 26. h4 Qf4 27. Ng5 e4 28. Rd4 Qg4+ 29. Kf1 c5 30. Qg6 Nb8 31. Rxd8+ Kxd8 32. Qf6+ Kc8 33. Qh8+ Kc7 34. Qe5+ Kc8 35. bxc5 Qd1+ 36. Kg2 Qg4+ 37. Qg3 Qxg3+ 38. fxg3 bxc5 39. g4 Kd7 40. gxh5 1-0

[Event "IECC Swiss-536"]
[Site "IECC email"]
[Date "2008.07.27"]
[Round "?"]
[White "Subasic, Emil"]
[Black "D'Aragona, Vittoria"]
[Result "1-0"]
[WhiteElo "1414"]
[BlackElo "1196"]
[PlyCount "40"]
[EventDate "2008.??.??"]
[EventType "match (corr)"]
[SourceTitle "Corr 2013"]
[Source "ChessBase"]
[SourceDate "2012.11.12"]
[SourceVersion "1"]
[SourceVersionDate "2012.11.12"]
[SourceQuality "1"]
[WhiteTeam "Italy"]
[BlackTeam "Argentina"]
[WhiteTeamCountry "ITA"]
[BlackTeamCountry "ARG"]

1. e4 e6 2. Nf3 d5 3. exd5 exd5 4. Nc3 Nf6 5. d4 Be7 6. Bb5+ c6 7. Bd3 0-0 8. 0-0 Be6 9. Re1 Nbd7 10. Bf4 h6 11. Qd2 Nh5 12. Bxh6 Bg4 13. Ne5 Nxe5 14. dxe5 d4 15. Ne4 c5 16. f3 Be6 17. g4 gxh6 18. Qxh6 Bf5 19. Nf6+ Nxf6 20. Bxf5 Re8 1-0

[Event "IECC TH-M-2815"]
[Site "IECC email"]
[Date "2008.07.24"]
[Round "?"]
[White "Subasic, Emil"]
[Black "Ratliff, Charles"]
[Result "1-0"]
[WhiteElo "1510"]
[BlackElo "1363"]
[PlyCount "41"]
[EventDate "2008.??.??"]
[EventType "match (corr)"]
[SourceTitle "Corr 2013"]
[Source "ChessBase"]
[SourceDate "2012.11.12"]
[SourceVersion "1"]
[SourceVersionDate "2012.11.12"]
[SourceQuality "1"]
[WhiteTeam "US of America"]
[BlackTeam "Italy"]
[WhiteTeamCountry "USA"]
[BlackTeamCountry "ITA"]

1. e4 e5 2. Nf3 Nc6 3. Bc4 Bc5 4. d4 exd4 5. 0-0 Nf6 6. e5 d5 7. Bb5 Ne4 8. Nxd4 0-0 9. Nxc6 bxc6 10. Bxc6 Ba6 11. Qxd5 Bxf1 12. Qxe4 Bb5 13. Nc3 Bxc6 14. Qxc6 Bb6 15. Bf4 Bd4 16. Rd1 Rb8 17. Be3 Rb6 18. Qc4 c5 19. Bxd4 cxd4 20. b3 Qe7 21. Nd5 1-0

[Event "IECC CL6-2008.05 email"]
[Site "IECC email"]
[Date "2008.07.09"]
[Round "?"]
[White "Subasic, Emil"]
[Black "Ghikas, Athanassios"]
[Result "1-0"]
[WhiteElo "1338"]
[BlackElo "1262"]
[PlyCount "43"]
[EventDate "2008.??.??"]
[EventType "tourn (corr)"]
[EventRounds "4"]
[SourceTitle "Corr 2013"]
[Source "ChessBase"]
[SourceDate "2012.11.12"]
[SourceVersion "1"]
[SourceVersionDate "2012.11.12"]
[SourceQuality "1"]
[WhiteTeam "Greece"]
[BlackTeam "Brazil"]
[WhiteTeamCountry "GRE"]
[BlackTeamCountry "BRA"]

1. d4 d5 2. c4 c5 3. cxd5 Qxd5 4. Nf3 Nc6 5. Nc3 Qd8 6. d5 Na5 7. e4 a6 8. Be2 b5 9. 0-0 e6 10. Nxb5 axb5 11. Bxb5+ Bd7 12. Bxd7+ Qxd7 13. Ne5 Qb7 14. Qa4+ Kd8 15. dxe6 Ra6 16. Rd1+ Bd6 17. Nxf7+ Ke7 18. e5 Nb3 19. exd6+ Kf6 20. Bg5+ Kxe6 21. Re1+ Kf5 22. Qf4+ 1-0